=LDR 00000nam 2200000 4500 =001 INLIS000000000051326 =005 20170912024124 =035 ##$$a 0010-0917000130 =007 ta =008 170912###########################0###### =020 ##$$a 978-602-7929-16-6 =082 ##$$a 297.31 =084 ##$$a 297.31 BUK =245 ##$$a Buku Pintar Anak Soleh =260 ##$$a Surakarta :$b Al-Qudwah Publishing,$c 2013 =300 ##$$a 103 hlm : $b ilus. ; $c 27 cm =650 ##$$a MUSLIM =990 ##$$a 1072110721 =990 ##$$a 1072110721 =990 ##$$a 1072110721 =990 ##$$a 1072110721 =990 ##$$a 1072110721 =990 ##$$a 21702281 =990 ##$$a 01201710721 =990 ##$$a 01201710722 =990 ##$$a 01201710723 =990 ##$$a 01201710724 =990 ##$$a 21702282 =990 ##$$a 01201710721 =990 ##$$a 01201710722 =990 ##$$a 01201710723 =990 ##$$a 21702281 =990 ##$$a 21702283 =990 ##$$a 01201710721 =990 ##$$a 01201710722 =990 ##$$a 21702282 =990 ##$$a 21702281 =990 ##$$a 21702284 =990 ##$$a 01201710721 =990 ##$$a 21702283 =990 ##$$a 21702282 =990 ##$$a 21702281 =990 ##$$a 21702285 =990 ##$$a 21702284 =990 ##$$a 21702283 =990 ##$$a 21702282 =990 ##$$a 21702281